000 00643nam a2200205Ia 4500
003 GCL
008 140319s9999 xx 000 0 ara d
020 _a5132914977
040 _aGCL /
_cGCL
082 0 4 _a814.008
_bأ ك
100 1 _aانيس منصور
245 1 0 _aكيف لا ابكى /
_cانيس منصور
250 _aالاولى
260 _aالقاهرة :
_bنهضة مصر للطباعة والنشر والتوزيع
300 _a338 ص ؛
_c20 سم
650 0 4 _aالادب العربى
650 0 4 _aالادب العربى - مقالات
650 0 4 _aالمقالات العربية - مصر
942 _2ddc
_cBK
999 _c1432
_d1432